[Event "LEM Nachwuchs M-V u25 08.-12.02.2020"]
[Site "Aula Fleesenseeschule Malch"]
[Date "2020.02.11"]
[Round "6.8"]
[White "Krüger, Louis"]
[Black "Schulz, Bruno Andreas"]
[Result "0-1"]
[WhiteElo "1404"]
[BlackElo "1270"]
[PlyCount "120"]
[EventDate "2020.??.??"]
[WhiteTeam "SG Neubrandenburg"]
[BlackTeam "TuS Makkabi Rostock"]

1. d4 d5 2. e3 Nc6 3. f4 Bf5 4. c3 Nf6 5. Nf3 Qd6 6. Bd3 e6 7. O-O a6 8. Ne5
Ne4 9. Qc2 f6 10. Nf3 O-O-O 11. Nbd2 Nxd2 12. Bxd2 Bg4 13. c4 Kb8 14. c5 Qe7
15. Bc3 Bxf3 16. Rxf3 e5 17. fxe5 fxe5 18. Rf2 Qg5 19. Qd2 Re8 20. Rf5 Qh6 21.
Qf2 g6 22. Rf7 exd4 23. exd4 Qe3 24. Qxe3 Rxe3 25. Bc2 Re7 26. Raf1 Rxf7 27.
Rxf7 Bh6 28. Rf3 Re8 29. Kf2 Bg7 30. Rf4 Bh6 31. Rf3 Bg7 32. Re3 Rf8+ 33. Kg1
Bxd4 34. Bxd4 Nxd4 35. Bd1 Ka7 36. Rd3 Rf4 37. g3 Re4 38. Kf2 c6 39. h3 Ne6 40.
Bf3 Rc4 41. h4 Nxc5 42. Rd2 Ne4+ 43. Bxe4 Rxe4 44. Kg2 Kb6 45. Rf2 Re7 46. Kh3
h5 47. Rf6 Rg7 48. g4 Kc5 49. Kg3 Kd4 50. Kf4 hxg4 51. Kxg4 Ke5 52. Kg5 d4 53.
Rf8 c5 54. Kh6 Rd7 55. Kxg6 d3 56. Re8+ Kf4 57. Re1 Kg4 58. h5 Rd6+ 59. Kf7
Kxh5 60. Ke7 Rd4 0-1

[Event "LEM Nachwuchs M-V u25 08.-12.02.2020"]
[Site "Aula Fleesenseeschule Malch"]
[Date "2020.02.11"]
[Round "6.9"]
[White "Kimura, Jonas Minoru"]
[Black "Fromm, Robert"]
[Result "0-1"]
[WhiteElo "1415"]
[BlackElo "1178"]
[PlyCount "72"]
[EventDate "2020.??.??"]
[WhiteTeam "SSC Rostock"]
[BlackTeam "ASV Wismar"]

1. d4 f5 2. Nf3 Nf6 3. b3 e6 4. Bb2 d5 5. e3 Be7 6. Nbd2 c6 7. Be2 O-O 8. O-O
Bd7 9. Ne5 Be8 10. Rc1 Kh8 11. c4 Rg8 12. Ndf3 Ne4 13. Nd3 Nd7 14. cxd5 exd5
15. Nf4 Bf7 16. Ne5 Qe8 17. Nfd3 Ndf6 18. Nc5 Rb8 19. f3 Nd6 20. g4 g5 21. h3
Kg7 22. Bd3 f4 23. exf4 gxf4 24. Re1 h5 25. g5 Nh7 26. Nxf7 Qxf7 27. g6 Kh8 28.
Kh1 Rxg6 29. Bxg6 Qxg6 30. Rxe7 Nf5 31. Rxh7+ Kxh7 32. Qg1 Ng3+ 33. Kh2 h4 34.
Re1 Rg8 35. Bc1 Qc2+ 36. Qg2 Nf1+ 0-1

[Event "LEM Nachwuchs M-V u25 08.-12.02.2020"]
[Site "Aula Fleesenseeschule Malch"]
[Date "2020.02.11"]
[Round "6.10"]
[White "Eichler, Max"]
[Black "Ivanov, Maksim"]
[Result "1-0"]
[WhiteElo "888"]
[BlackElo "1034"]
[PlyCount "91"]
[EventDate "2020.??.??"]
[WhiteTeam "TSG Gadebusch"]
[BlackTeam "SSC Rostock"]

1. e4 c5 2. Bc4 g6 3. Nf3 Bg7 4. Ng5 e6 5. d3 Ne7 6. c3 O-O 7. d4 cxd4 8. cxd4
Nbc6 9. d5 exd5 10. exd5 Ne5 11. Be2 d6 12. O-O h6 13. Nf3 Bg4 14. Nc3 Nxf3+
15. Bxf3 Bxf3 16. Qxf3 g5 17. Rb1 f5 18. Qe2 Rf6 19. f4 g4 20. Be3 Rg6 21. Rfd1
h5 22. Bd4 Bf8 23. g3 b6 24. Qe3 Qd7 25. a4 Re8 26. Qf2 Nc8 27. Re1 Be7 28. Re2
Rh6 29. Rbe1 Kf7 30. Re6 Rg6 31. Rxg6 Kxg6 32. Re6+ Kh7 33. Qe3 Kg8 34. Kg2 Kf7
35. h3 gxh3+ 36. Kxh3 Rg8 37. Qe2 Rg4 38. Qc2 Qc7 39. Qxf5+ Kg8 40. Qxh5 Rg7
41. Bxg7 Kxg7 42. Qg6+ Kf8 43. f5 Qc4 44. Re4 Qf1+ 45. Kg4 Qb1 46. f6 1-0

[Event "LEM Nachwuchs M-V u25 08.-12.02.2020"]
[Site "Aula Fleesenseeschule Malch"]
[Date "2020.02.11"]
[Round "6.11"]
[White "Markovych, Leonid"]
[Black "Reichelt, Jerome"]
[Result "1-0"]
[WhiteElo "1117"]
[BlackElo "905"]
[PlyCount "85"]
[EventDate "2020.??.??"]
[WhiteTeam "TuS Makkabi Rostock"]
[BlackTeam "SV Grevesmühlen"]

1. d4 Nf6 2. c4 g6 3. Nc3 Bg7 4. e4 d6 5. f3 O-O 6. Be3 Nbd7 7. Qd2 Re8 8.
O-O-O e5 9. g4 b6 10. Nge2 Bb7 11. Ng3 exd4 12. Bxd4 c5 13. Be3 Ne5 14. Be2 b5
15. h4 b4 16. Nd5 Nxd5 17. exd5 Qa5 18. Kb1 Ba6 19. b3 Qa3 20. h5 Nxf3 21. Bxf3
Bc3 22. Qc1 Rxe3 23. Qxa3 bxa3 24. Rhf1 Rae8 25. Kc2 Be1 26. Ne4 Kg7 27. Rdxe1
Rxe1 28. Rxe1 f6 29. hxg6 hxg6 30. Kd2 Bc8 31. Nxd6 Rxe1 32. Kxe1 Bd7 33. Ke2
g5 34. Ke3 Kg6 35. Be4+ Kg7 36. Bf5 Bxf5 37. Nxf5+ Kf7 38. Ke4 a6 39. Ke3 Kg6
40. d6 Kf7 41. d7 Ke6 42. d8=Q Ke5 43. Qd5# 1-0

[Event "LEM Nachwuchs M-V u25 08.-12.02.2020"]
[Site "Aula Fleesenseeschule Malch"]
[Date "2020.02.11"]
[Round "6.12"]
[White "Duong, Yen Nhi"]
[Black "Mochtak, Maximilian"]
[Result "0-1"]
[WhiteElo "745"]
[BlackElo "998"]
[PlyCount "63"]
[EventDate "2020.??.??"]
[WhiteTeam "SG Neubrandenburg"]
[BlackTeam "TuS Makkabi Rostock"]

1. d4 d5 2. c4 e6 3. Nc3 Nf6 4. Bg5 h6 5. Bh4 g5 6. Bg3 Bb4 7. e3 Ne4 8. Be5 f6
9. Bd3 Nxc3 10. Bg6+ Ke7 11. Qd3 Ne4+ 12. Kf1 fxe5 13. Bh5 Bd7 14. a3 Bd6 15.
f3 Nf6 16. Bg6 Be8 17. c5 Bxc5 18. dxc5 Nc6 19. Rc1 d4 20. e4 Bxg6 21. Ne2 Qd7
22. h4 g4 23. f4 exf4 24. Nxf4 Bxe4 25. Ng6+ Bxg6 26. Qxg6 d3 27. Qg7+ Kd8 28.
Qxh8+ Ne8 29. Kg1 d2 30. Rd1 g3 31. Qxh6 Qd4+ 32. Kf1 0-1

[Event "LEM Nachwuchs M-V u25 08.-12.02.2020"]
[Site "Aula Fleesenseeschule Malch"]
[Date "2020.02.11"]
[Round "6.15"]
[White "Pommerehnke, Marla"]
[Black "Camen, Gerris"]
[Result "1-0"]
[WhiteElo "1000"]
[BlackElo "860"]
[PlyCount "45"]
[EventDate "2020.??.??"]
[WhiteTeam "TuS Makkabi Rostock"]
[BlackTeam "Lok Pritzwalk"]

1. e4 e5 2. Nf3 Nc6 3. Bc4 Bc5 4. Nc3 d6 5. h3 Nge7 6. d3 O-O 7. Bg5 h6 8. Bh4
Nb4 9. a3 Nbc6 10. b4 Bd4 11. Nxd4 Nxd4 12. Nd5 f6 13. Nxc7+ Kh7 14. Nxa8 b6
15. c3 Bb7 16. cxd4 Bxa8 17. O-O d5 18. Bb3 dxe4 19. Rc1 exd4 20. dxe4 Bxe4 21.
Re1 Bb7 22. Bc2+ Be4 23. Bxe4+ 1-0

[Event "LEM Nachwuchs M-V u25 08.-12.02.2020"]
[Site "Aula Fleesenseeschule Malch"]
[Date "2020.02.11"]
[Round "6.16"]
[White "Kern, Odin"]
[Black "Krohn, Joshua"]
[Result "0-1"]
[WhiteElo "732"]
[BlackElo "762"]
[PlyCount "104"]
[EventDate "2020.??.??"]
[WhiteTeam "HSG Stralsund"]
[BlackTeam "SG Jasmund"]

1. d4 d5 2. Nf3 Nc6 3. Nc3 Nf6 4. Bf4 Bg4 5. Qd3 e6 6. O-O-O Be7 7. h3 Bf5 8.
g4 Bxd3 9. exd3 O-O 10. Bg2 Bb4 11. Ne5 Nxe5 12. dxe5 Nd7 13. Nb5 h6 14. Rde1
Nc5 15. Re2 Qd7 16. Nd6 cxd6 17. exd6 Na6 18. a3 Bxd6 19. Bxd6 Qxd6 20. c4 Rac8
21. b3 Qxa3+ 22. Kb1 Qxb3+ 23. Kc1 dxc4 24. Bxb7 Rc7 25. Bxa6 cxd3+ 26. Kd2 Rd8
27. Re3 Rd6 28. Bxd3 Qb2+ 29. Ke1 Rd5 30. f3 Re5 31. Rxe5 Qxe5+ 32. Kd2 Rd7 33.
Rc1 Rd8 34. Rc3 g6 35. Kc2 a5 36. Bb5 Qd4 37. Rb3 Qc5+ 38. Kb2 Ra8 39. f4 a4
40. Rc3 Qe7 41. Kc2 a3 42. Kd2 a2 43. Rc1 a1=Q 44. Rxa1 Rxa1 45. Ke3 Qb4 46.
Kf3 Ra3+ 47. Kf2 Qb2+ 48. Be2 Qd4+ 49. Kf1 Qe3 50. f5 Ra2 51. fxg6 Qxe2+ 52.
Kg1 Qg2# 0-1

[Event "LEM Nachwuchs M-V u25 08.-12.02.2020"]
[Site "Aula Fleesenseeschule Malch"]
[Date "2020.02.12"]
[Round "7.1"]
[White "Lange, Marius Moritz"]
[Black "Schmidt, Arne"]
[Result "1/2-1/2"]
[WhiteElo "1703"]
[BlackElo "1674"]
[PlyCount "45"]
[EventDate "2020.??.??"]
[WhiteTeam "VT Ludwigslust"]
[BlackTeam "SF Schwerin"]

1. e4 e5 2. Nf3 Nc6 3. c3 Nf6 4. d4 exd4 5. e5 Nd5 6. cxd4 Bb4+ 7. Bd2 d6 8.
Qb3 Bxd2+ 9. Nbxd2 dxe5 10. Bc4 Nce7 11. dxe5 c6 12. O-O O-O 13. Ne4 Qb6 14.
Rad1 Qxb3 15. Bxb3 a5 16. Nd6 a4 17. Bc2 Bg4 18. Rd4 Bxf3 19. gxf3 a3 20. Bb3
axb2 21. Rb1 b5 22. Rxb2 Nc7 23. Rc2 1/2-1/2

[Event "LEM Nachwuchs M-V u25 08.-12.02.2020"]
[Site "Aula Fleesenseeschule Malch"]
[Date "2020.02.12"]
[Round "7.2"]
[White "Ederle, Artöm"]
[Black "Goldbach, Aaron"]
[Result "0-1"]
[WhiteElo "1591"]
[BlackElo "1859"]
[PlyCount "80"]
[EventDate "2020.??.??"]
[WhiteTeam "Greifswalder SV"]
[BlackTeam "SC Mecklenburger Springer"]

1. d4 Nf6 2. Nf3 d5 3. c4 e6 4. Bf4 Be7 5. Nc3 O-O 6. e3 a6 7. Be2 dxc4 8. Bxc4
b5 9. Be2 Bb7 10. O-O Nbd7 11. Rc1 c5 12. a4 b4 13. Qb3 Bxf3 14. Bxf3 bxc3 15.
Bxa8 cxb2 16. Qxb2 Qxa8 17. Qa3 Nd5 18. Bg3 cxd4 19. Bd6 Bxd6 20. Qxd6 N7f6 21.
exd4 Rd8 22. Qa3 Nf4 23. f3 Ne2+ 24. Kh1 Nxc1 25. Rxc1 Rxd4 26. Qc5 Rd8 27. Rb1
Qd5 28. Qg1 h6 29. h3 Qd4 30. Qf1 Qxa4 31. Ra1 Qc2 32. Qxa6 Rd2 33. Rg1 Nd5 34.
Qa8+ Kh7 35. Qb7 Nf4 36. Qxf7 Nxh3 37. Qxe6 Nxg1 38. Kxg1 Rxg2+ 39. Kh1 Rh2+
40. Kg1 Qf2# 0-1

[Event "LEM Nachwuchs M-V u25 08.-12.02.2020"]
[Site "Aula Fleesenseeschule Malch"]
[Date "2020.02.12"]
[Round "7.3"]
[White "Ostrzinski, Jan"]
[Black "Mandrikov, Markus"]
[Result "1-0"]
[WhiteElo "1532"]
[BlackElo "1242"]
[PlyCount "71"]
[EventDate "2020.??.??"]
[WhiteTeam "Think Rochade"]
[BlackTeam "Think Rochade"]

1. e4 c5 2. Nf3 e6 3. d4 cxd4 4. Nxd4 Nc6 5. Be2 Nf6 6. Nxc6 bxc6 7. e5 Nd5 8.
O-O Qc7 9. f4 Be7 10. Bd3 f6 11. Qh5+ Kf8 12. Rf3 f5 13. Nc3 g6 14. Nxd5 cxd5
15. Qh3 Qb6+ 16. Kh1 Ba6 17. Bxa6 Qxa6 18. Rd3 Rc8 19. c3 Kf7 20. Qf3 Rc6 21.
Qd1 d6 22. exd6 Bxd6 23. Be3 Rc4 24. Bd4 Rb8 25. b3 Rc6 26. g3 Bc5 27. Be5 Bd6
28. Bxd6 Rxd6 29. c4 Rbd8 30. c5 R6d7 31. b4 Qc4 32. a3 Qb5 33. Rd4 a5 34. Qd3
Qa4 35. b5 Rb7 36. Rxa4 1-0

[Event "LEM Nachwuchs M-V u25 08.-12.02.2020"]
[Site "Aula Fleesenseeschule Malch"]
[Date "2020.02.12"]
[Round "7.4"]
[White "Lübbert, Charline"]
[Black "Zoll, Cindy"]
[Result "1/2-1/2"]
[WhiteElo "1511"]
[BlackElo "1387"]
[PlyCount "112"]
[EventDate "2020.??.??"]
[WhiteTeam "TSG Gadebusch"]
[BlackTeam "SG Güstrow"]

1. e4 e6 2. d4 d5 3. e5 c5 4. Nf3 Nc6 5. Bb5 Qb6 6. Bxc6+ bxc6 7. O-O Ba6 8.
Re1 cxd4 9. Nxd4 c5 10. Ne2 Ne7 11. c3 Nc6 12. Ng3 g6 13. Nd2 Bg7 14. Nf3 O-O
15. Qc2 Rab8 16. b3 Qc7 17. Bf4 Rb6 18. Rad1 c4 19. b4 Bc8 20. Re2 Bd7 21. Rde1
Ra8 22. a3 Nd8 23. Nd4 Nb7 24. Bc1 a5 25. Qd2 axb4 26. axb4 Rba6 27. Qe3 Ra2
28. Rxa2 Rxa2 29. Bd2 Qxe5 30. Qxe5 Bxe5 31. Rxe5 Rxd2 32. Re2 Rd1+ 33. Nf1 Nd6
34. f3 Nb5 35. Nxb5 Bxb5 36. Kf2 Rc1 37. Re3 Rc2+ 38. Kg3 Bd7 39. h4 f5 40. f4
Kf7 41. Nh2 Ba4 42. Nf3 Kf6 43. Kh2 Rc1 44. Ng5 Bd7 45. Nxh7+ Ke7 46. Ng5 Rd1
47. Kg3 d4 48. cxd4 Rxd4 49. Nf3 Re4 50. Rc3 Bb5 51. Ne5 Kf6 52. Nf3 Kg7 53.
Ne5 Rd4 54. Kf3 Kh6 55. Kg3 Kh5 56. Kf3 Kh6 1/2-1/2

[Event "LEM Nachwuchs M-V u25 08.-12.02.2020"]
[Site "Aula Fleesenseeschule Malch"]
[Date "2020.02.12"]
[Round "7.5"]
[White "Bohndorf, Tobias"]
[Black "Lange, Anton"]
[Result "1-0"]
[WhiteElo "1440"]
[BlackElo "1385"]
[PlyCount "81"]
[EventDate "2020.??.??"]
[WhiteTeam "SV Gryps"]
[BlackTeam "HSG Stralsund"]

1. e4 e5 2. Nf3 Nc6 3. Bb5 d6 4. d4 exd4 5. Nxd4 Bd7 6. Nc3 Nxd4 7. Bxd7+ Qxd7
8. Qxd4 Nf6 9. Bg5 Be7 10. O-O O-O 11. Rfe1 Rfe8 12. e5 Nh5 13. Bxe7 Qxe7 14.
Qg4 Nf6 15. Qg3 dxe5 16. Re2 Nd7 17. Nd5 Qc5 18. Rd1 Rac8 19. Qg4 Qc6 20. Nb4
Nf6 21. Qxc8 Rxc8 22. Nxc6 bxc6 23. Rxe5 Kf8 24. Rc5 Rb8 25. b3 Rb6 26. Re5 Rb8
27. Re3 Nd5 28. Red3 Ke7 29. c4 Nb4 30. Rd7+ Ke8 31. Rxc7 Nxa2 32. Rdd7 Rxb3
33. g3 Rc3 34. Rxf7 Rxc4 35. Rxg7 Kf8 36. Rxh7 Kg8 37. Rcg7+ Kf8 38. Rxa7 Kg8
39. Rhc7 Rd4 40. Rc8+ Rd8 41. Rxd8# 1-0

[Event "LEM Nachwuchs M-V u25 08.-12.02.2020"]
[Site "Aula Fleesenseeschule Malch"]
[Date "2020.02.12"]
[Round "7.6"]
[White "Brand, Hannes"]
[Black "Tews, Leon"]
[Result "1-0"]
[WhiteElo "1208"]
[BlackElo "1273"]
[PlyCount "55"]
[EventDate "2020.??.??"]
[WhiteTeam "SC Mecklenburger Springer"]
[BlackTeam "SAV Torgelow"]

1. d4 d5 2. Bf4 Bf5 3. Nf3 Nf6 4. e3 e6 5. c4 c6 6. Nc3 Be7 7. Qb3 Qb6 8. c5
Qxb3 9. axb3 Nbd7 10. Be2 O-O 11. O-O Rfc8 12. Ne5 Nxe5 13. Bxe5 b6 14. Ba6 Rf8
15. Bb7 Rae8 16. Bxc6 Rd8 17. Rxa7 bxc5 18. Rxe7 cxd4 19. exd4 Bc2 20. b4 Rc8
21. b5 Rfd8 22. Rc1 Bb3 23. Bc7 Rd7 24. Bxd7 Rxc7 25. Re8+ Nxe8 26. Bxe8 Ba4
27. b6 Bxe8 28. bxc7 1-0

[Event "LEM Nachwuchs M-V u25 08.-12.02.2020"]
[Site "Aula Fleesenseeschule Malch"]
[Date "2020.02.12"]
[Round "7.7"]
[White "Schulz, Bruno Andreas"]
[Black "Eichler, Max"]
[Result "1-0"]
[WhiteElo "1270"]
[BlackElo "888"]
[PlyCount "33"]
[EventDate "2020.??.??"]
[WhiteTeam "TuS Makkabi Rostock"]
[BlackTeam "TSG Gadebusch"]

1. d4 d5 2. c4 Nf6 3. cxd5 Nxd5 4. e4 Nb6 5. Nf3 e6 6. Nc3 c6 7. Bf4 Be7 8. Bd3
O-O 9. O-O f5 10. exf5 exf5 11. Qc2 Bd6 12. Ne5 Bb4 13. Qb3+ Nd5 14. Nxd5 Qxd5
15. Qxb4 Kh8 16. Qc4 Qd8 17. Nf7+ 1-0

[Event "LEM Nachwuchs M-V u25 08.-12.02.2020"]
[Site "Aula Fleesenseeschule Malch"]
[Date "2020.02.12"]
[Round "7.8"]
[White "Fromm, Robert"]
[Black "Kerth, Robert"]
[Result "1-0"]
[WhiteElo "1178"]
[BlackElo "1544"]
[PlyCount "69"]
[EventDate "2020.??.??"]
[WhiteTeam "ASV Wismar"]
[BlackTeam "SV Gryps"]

1. f4 d5 2. Nf3 Bg4 3. d4 Nc6 4. e3 Nf6 5. Be2 e6 6. O-O Bd6 7. Bd2 O-O 8. c3
a5 9. h3 Bh5 10. Kh1 Bxf3 11. Rxf3 Ne7 12. Be1 Nd7 13. Nd2 c5 14. g4 cxd4 15.
exd4 Ng6 16. Bg3 Nh4 17. Rf1 f5 18. g5 Ng6 19. h4 Nh8 20. h5 g6 21. h6 a4 22.
Bb5 Nb6 23. Re1 Qc8 24. Rc1 Ra5 25. c4 Bb4 26. b3 axb3 27. axb3 dxc4 28. bxc4
Rd8 29. d5 exd5 30. cxd5 Qb8 31. Bc4 Nxc4 32. Rxc4 Bxd2 33. Qxd2 Raxd5 34. Qc3
Rd3 35. Qg7# 1-0

[Event "LEM Nachwuchs M-V u25 08.-12.02.2020"]
[Site "Aula Fleesenseeschule Malch"]
[Date "2020.02.12"]
[Round "7.9"]
[White "Ryll, Emily Maria"]
[Black "Krüger, Louis"]
[Result "1-0"]
[WhiteElo "827"]
[BlackElo "1404"]
[PlyCount "139"]
[EventDate "2020.??.??"]
[WhiteTeam "SG Neubrandenburg"]
[BlackTeam "SG Neubrandenburg"]

1. d4 Nf6 2. c4 d6 3. Nc3 g6 4. Nf3 Bg7 5. e4 O-O 6. Be2 Nbd7 7. O-O c5 8. d5
Re8 9. Be3 Nb6 10. Qd2 Bd7 11. Bh6 Qc8 12. Bxg7 Kxg7 13. Rae1 Bg4 14. Qd3 Qc7
15. h3 Bd7 16. b3 a6 17. Nd2 Rab8 18. Bd1 Nc8 19. a4 Na7 20. f4 Qd8 21. e5 dxe5
22. fxe5 Ng8 23. e6 Bxe6 24. Nf3 Bf5 25. Qd2 Qd6 26. Ng5 Nf6 27. Nce4 Nxe4 28.
Nxe4 Bxe4 29. Rxe4 b5 30. axb5 axb5 31. Ref4 f6 32. g4 Rf8 33. h4 bxc4 34. Rxc4
Qg3+ 35. Qg2 Qxg2+ 36. Kxg2 Rbc8 37. Rcf4 Rcd8 38. Bf3 Nb5 39. Be4 Nd4 40. h5
Nxb3 41. Rh1 g5 42. Rf5 c4 43. h6+ Kg8 44. Rf2 c3 45. Rc2 Nd2 46. Bf5 Rxd5 47.
Be6+ Kh8 48. Bxd5 Rc8 49. Re1 e5 50. Be6 Rc6 51. Bd5 Rc5 52. Be4 Nxe4 53. Rxe4
Kg8 54. Re3 Rc4 55. Rcxc3 Rxg4+ 56. Rg3 Rh4 57. Rc8+ Kf7 58. Ra3 Rxh6 59. Ra7+
Kg6 60. Rg8+ Kf5 61. Rgg7 Rh4 62. Rxh7 Rg4+ 63. Kf3 e4+ 64. Ke3 Rg3+ 65. Kd4
Rd3+ 66. Kc4 Kf4 67. Ra2 Rd8 68. Rf2+ Ke5 69. Re7+ Kd6 70. Rxe4 1-0

[Event "LEM Nachwuchs M-V u25 08.-12.02.2020"]
[Site "Aula Fleesenseeschule Malch"]
[Date "2020.02.12"]
[Round "7.10"]
[White "Griep, Daniel"]
[Black "Markovych, Leonid"]
[Result "1/2-1/2"]
[WhiteElo "1316"]
[BlackElo "1117"]
[PlyCount "67"]
[EventDate "2020.??.??"]
[WhiteTeam "TSG Neustrelitz"]
[BlackTeam "TuS Makkabi Rostock"]

1. e4 c5 2. Nc3 e6 3. g3 a6 4. Bg2 Qc7 5. d3 Nf6 6. f4 Be7 7. Nf3 d6 8. O-O Nc6
9. Be3 b5 10. a3 Bb7 11. Qd2 O-O 12. Rab1 Rad8 13. Rfd1 d5 14. e5 d4 15. exf6
dxe3 16. Qxe3 Bxf6 17. Qxc5 Qb8 18. Ne2 Rd7 19. c3 Rfd8 20. Qe3 Qa8 21. d4 Ne7
22. Nc1 Nf5 23. Qf2 Ne7 24. Nb3 Rd6 25. Nc5 Bd5 26. Ne5 g6 27. Bxd5 Nxd5 28.
Ne4 Bxe5 29. fxe5 R6d7 30. b3 Kg7 31. Nf6 Nxc3 32. Nxd7 Rxd7 33. Qf6+ Kg8 34.
Qf2 1/2-1/2

[Event "LEM Nachwuchs M-V u25 08.-12.02.2020"]
[Site "Aula Fleesenseeschule Malch"]
[Date "2020.02.12"]
[Round "7.11"]
[White "Mochtak, Maximilian"]
[Black "Krämer, Bruno"]
[Result "1/2-1/2"]
[WhiteElo "998"]
[BlackElo "904"]
[PlyCount "75"]
[EventDate "2020.??.??"]
[WhiteTeam "TuS Makkabi Rostock"]
[BlackTeam "HSG Stralsund"]

1. d4 d5 2. c4 c6 3. Nc3 Bg4 4. h3 Bh5 5. Nf3 Nf6 6. Bf4 e6 7. e3 Ne4 8. Bd3
Bb4 9. Rc1 O-O 10. a3 Bxc3+ 11. bxc3 Nd7 12. cxd5 cxd5 13. O-O Rc8 14. Qb3 Bxf3
15. gxf3 Nd2 16. Qxb7 Nxf1 17. Kxf1 a5 18. Qb1 Nb6 19. Bxh7+ Kh8 20. Bg3 Nc4
21. Qc2 g6 22. Bxg6 fxg6 23. Qxg6 Qf6 24. Qh5+ Kg8 25. Qg4+ Qg7 26. Qxe6+ Kh8
27. Qxd5 Nd2+ 28. Ke2 Nxf3 29. Qh5+ Kg8 30. Qd5+ Rf7 31. Qxa5 Qg5 32. Qxg5+
Nxg5 33. d5 Ne4 34. d6 Nxg3+ 35. fxg3 Rd7 36. Rd1 Rxc3 37. a4 Ra3 38. Rd4
1/2-1/2

[Event "LEM Nachwuchs M-V u25 08.-12.02.2020"]
[Site "Aula Fleesenseeschule Malch"]
[Date "2020.02.12"]
[Round "7.12"]
[White "Reichelt, Jerome"]
[Black "Kimura, Jonas Minoru"]
[Result "0-1"]
[WhiteElo "905"]
[BlackElo "1415"]
[PlyCount "114"]
[EventDate "2020.??.??"]
[WhiteTeam "SV Grevesmühlen"]
[BlackTeam "SSC Rostock"]

1. e4 e6 2. Nc3 d5 3. d4 Nf6 4. Bg5 Be7 5. Bxf6 Bxf6 6. Nf3 O-O 7. e5 Be7 8.
Bd3 c5 9. Ne2 Nc6 10. Bb5 Bd7 11. O-O cxd4 12. Bxc6 Bxc6 13. Nexd4 Rc8 14. Qd2
Qb6 15. b3 Bb5 16. Nxb5 Qxb5 17. Nd4 Qb6 18. a3 Bc5 19. c3 Rc7 20. b4 Bxd4 21.
Qxd4 Qa6 22. f4 Rfc8 23. Rf3 Qc4 24. h3 b6 25. a4 Qxd4+ 26. cxd4 Rc4 27. a5 b5
28. f5 exf5 29. Rd1 Rc1 30. Rdf1 Rxf1+ 31. Rxf1 g6 32. Re1 Kf8 33. e6 Rc4 34.
e7+ Ke8 35. g4 fxg4 36. hxg4 Rxd4 37. g5 Rxb4 38. a6 Re4 39. Kf2 Rxe1 40. Kxe1
Kxe7 41. Kd2 Kd6 42. Kd3 b4 43. Kd4 Kc6 44. Kd3 Kb5 45. Kd4 Kxa6 46. Kxd5 b3
47. Ke5 b2 48. Kf6 b1=Q 49. Kxf7 Qf5+ 50. Kg7 Qxg5 51. Kxh7 Qf5 52. Kh6 Kb6 53.
Kg7 Kc7 54. Kg8 Kd7 55. Kg7 Ke7 56. Kh6 Kf7 57. Kh7 Qh5# 0-1

[Event "LEM Nachwuchs M-V u25 08.-12.02.2020"]
[Site "Aula Fleesenseeschule Malch"]
[Date "2020.02.12"]
[Round "7.13"]
[White "Ivanov, Maksim"]
[Black "Pommerehnke, Marla"]
[Result "1/2-1/2"]
[WhiteElo "1034"]
[BlackElo "1000"]
[PlyCount "44"]
[EventDate "2020.??.??"]
[WhiteTeam "SSC Rostock"]
[BlackTeam "TuS Makkabi Rostock"]

1. d4 d5 2. c4 c6 3. c5 Nf6 4. Nc3 g6 5. Bf4 Bg7 6. e3 Bf5 7. Bd3 e6 8. f3 Bxd3
9. Qxd3 O-O 10. Bd6 Re8 11. e4 Nfd7 12. e5 Bh6 13. g3 b6 14. b4 Qc8 15. Nge2
Na6 16. a3 Bf8 17. O-O Bxd6 18. cxd6 c5 19. b5 Nab8 20. Rac1 a6 21. a4 axb5 22.
axb5 Ra3 1/2-1/2

[Event "LEM Nachwuchs M-V u25 08.-12.02.2020"]
[Site "Aula Fleesenseeschule Malch"]
[Date "2020.02.12"]
[Round "7.15"]
[White "Krohn, Joshua"]
[Black "Duong, Yen Nhi"]
[Result "0-1"]
[WhiteElo "762"]
[BlackElo "745"]
[PlyCount "80"]
[EventDate "2020.??.??"]
[WhiteTeam "SG Jasmund"]
[BlackTeam "SG Neubrandenburg"]

1. e4 d6 2. Nf3 Nf6 3. Nc3 g6 4. Bc4 Bg7 5. O-O O-O 6. d3 Bg4 7. Bg5 Nbd7 8. h3
Bxf3 9. Qxf3 Rb8 10. Nd5 a6 11. Nxf6+ exf6 12. Be3 b5 13. Bd5 Re8 14. Bc6 b4
15. Ba7 Ne5 16. Qe2 Nxc6 17. Bxb8 Qxb8 18. Qe3 f5 19. Qg3 fxe4 20. dxe4 Bxb2
21. Rab1 Be5 22. Qd3 Qb6 23. Qe2 Nd4 24. Qd3 Qc6 25. Rfc1 a5 26. Rb2 Ne2+ 27.
Qxe2 Bxb2 28. Rb1 Be5 29. Rd1 Qb6 30. Rd3 Re6 31. Rf3 Qd4 32. Qf1 Qb2 33. Qd1
Qxa2 34. Qc1 a4 35. Rd3 Rf6 36. Rd1 b3 37. cxb3 Qxf2+ 38. Kh1 axb3 39. Rd2 Qf1+
40. Qxf1 Rxf1# 0-1

[Event "LEM Nachwuchs M-V u18 08.-12.02.2020"]
[Site "Aula Fleesenseeschule Malch"]
[Date "2020.02.08"]
[Round "1.1"]
[White "Lange, Jannis"]
[Black "Eulitz, Charlotte"]
[Result "1-0"]
[WhiteElo "2054"]
[BlackElo "1566"]
[PlyCount "49"]
[EventDate "2020.??.??"]
[WhiteTeam "Greifswalder SV"]
[BlackTeam "SG Güstrow"]

1. e4 e5 2. Nf3 Nc6 3. Bb5 a6 4. Ba4 Nf6 5. O-O b5 6. Bb3 d6 7. Ng5 d5 8. exd5
Nd4 9. Re1 Bd6 10. c3 Nxb3 11. axb3 O-O 12. d4 exd4 13. c4 Bb7 14. Qxd4 c5 15.
Qh4 Re8 16. Rxe8+ Qxe8 17. Be3 Qe5 18. Nc3 b4 19. Nf3 Qf5 20. Na4 Rc8 21. Re1
Qc2 22. Bg5 Re8 23. Bxf6 Rxe1+ 24. Nxe1 gxf6 25. Nxc2 1-0

[Event "LEM Nachwuchs M-V u18 08.-12.02.2020"]
[Site "Aula Fleesenseeschule Malch"]
[Date "2020.02.08"]
[Round "1.2"]
[White "Neubert, Conrad"]
[Black "Petrow, Jonas"]
[Result "1-0"]
[WhiteElo "1649"]
[BlackElo "1811"]
[PlyCount "61"]
[EventDate "2020.??.??"]
[WhiteTeam "SF Schwerin"]
[BlackTeam "TuS Makkabi Rostock"]

1. d4 Nf6 2. c4 g6 3. Nf3 Bg7 4. g3 O-O 5. Bg2 c5 6. d5 d6 7. O-O a6 8. Nc3
Nbd7 9. e4 b5 10. cxb5 axb5 11. Nxb5 Nxe4 12. Re1 Nef6 13. Qb3 Rb8 14. a4 Bb7
15. Ng5 Nb6 16. Rd1 c4 17. Qb4 Bxd5 18. a5 Bxg2 19. Kxg2 Qd7 20. axb6 Rxb6 21.
Ra5 Rfb8 22. Qxc4 Qb7+ 23. Kg1 d5 24. Qa2 Rxb5 25. Ra7 Qc6 26. Rxe7 Ng4 27.
Rxf7 h6 28. Rxd5 Nxf2 29. Rxg7+ Kxg7 30. Rd7+ Kh8 31. Rh7# 1-0

[Event "LEM Nachwuchs M-V u18 08.-12.02.2020"]
[Site "Aula Fleesenseeschule Malch"]
[Date "2020.02.08"]
[Round "1.3"]
[White "Trampnau, Jan-Niklas"]
[Black "Trömer, Axel"]
[Result "1-0"]
[WhiteElo "1590"]
[BlackElo "1373"]
[PlyCount "61"]
[EventDate "2020.??.??"]
[WhiteTeam "ESV Wittenberge"]
[BlackTeam "SAV Torgelow"]

1. d4 Nf6 2. Nf3 g6 3. Bg5 Bg7 4. c3 O-O 5. e3 d6 6. Qb3 Nbd7 7. Nbd2 c5 8. Be2
a6 9. O-O Rb8 10. Rfe1 b5 11. Bxf6 Nxf6 12. a4 Be6 13. Qc2 Qb6 14. axb5 axb5
15. Ne4 Bf5 16. Nxf6+ Bxf6 17. e4 Be6 18. dxc5 dxc5 19. Ra3 b4 20. Ra6 Qb7 21.
Rea1 bxc3 22. bxc3 Bb3 23. Qc1 Qxe4 24. Bf1 Bc4 25. R6a4 Rb3 26. Rxc4 Qf5 27.
Qe3 Rc8 28. Ra5 Bd4 29. Nxd4 cxd4 30. Qxd4 Rxc4 31. Qd8+ 1-0

[Event "LEM Nachwuchs M-V u18 08.-12.02.2020"]
[Site "Aula Fleesenseeschule Malch"]
[Date "2020.02.08"]
[Round "1.4"]
[White "Camen, Lisette"]
[Black "Gazizov, Max"]
[Result "0-1"]
[WhiteElo "1366"]
[BlackElo "1689"]
[PlyCount "40"]
[EventDate "2020.??.??"]
[WhiteTeam "Lok Pritzwalk"]
[BlackTeam "Think Rochade"]

1. d4 Nf6 2. Bf4 e6 3. e3 d5 4. Bd3 c5 5. dxc5 Bxc5 6. Nf3 Nc6 7. c3 Bd6 8. O-O
e5 9. Bxe5 Nxe5 10. Bb5+ Bd7 11. Nd4 O-O 12. Nd2 a6 13. Ba4 Bxa4 14. Qxa4 Re8
15. Rfd1 Nd3 16. Rab1 Bxh2+ 17. Kxh2 Nxf2 18. Re1 N6g4+ 19. Kg1 Qh4 20. N4f3
Qh1# 0-1